000
00334nam a2200145Ia 4500
008
150201s2007 xx 000 0 und d
082
_a
610.7
_b
P07G
100
_a
GUPTA, L.C.
245
_a
PRACTICAL NURSING PROCEDURES
250
_a
3RD
260
_b
JAYPEE
_a
DELHI
_c
2007
300
_a
551
650
_a
NURSING
942
_2
ddc
_c
BK
_0
9
999
_c
2156
_d
2156